000 00265nam a2200109Ia 4500
001 1261923
005 20260417140401.0
008 260417s9999 xx 000 0 und d
020 _a9786256999169
245 0 _aKörduman
_cKemal Tahir
260 _bKetebe Yayınları
999 _c1261923
_d1261923